Arsenal Quiz - Statistiques

Statistiques générales
  • Ce quiz a été pris 126 fois
  • Le résultat moyen est 11 sur 17
Statistiques - réponses
Questions Réponses % Correct
Qui est le capitaine actuel de ce club ? Martin Odegaard
93%
Qui est l’entraîneur de ce club ? Mikel Arteta
91%
Combien de Ligue des champions a ce club ? 0 (Finaliste en 2006)
90%
Quelles sont les couleurs primaires de ce club ? Rouge et Blanc
89%
Qui est le joueur le plus cher de ce club ? Bukayo Saka (140 Millions)
88%
Qui est la légende de ce club ? Thierry Henry
87%
Qui est le meilleur buteur de ce club ? Thierry Henry (228)
87%
Quelle est la ligue où joue ce club ? Premier League
83%
Quel est le nom du stade de ce club ? Emirates Stadium
82%
Quel est le plus gros transfert de ce club ? 116,60 Millions (Declan Rice)
78%
En quelle année a été crée le club ? 1886
53%
Combien vaut ce club ? 1,17 Mrd
38%
Qui est le meilleur passeur de ce club ? Dennis Bergkamp
38%
Combien de trophées a ce club ? 48
34%
Quelle est la plus grande defaite de ce club ? 7 : 0 (West Ham United)
15%
Qui est le joueur le plus capé de ce club ? David O'Leary (722)
11%
Quelle est la plus grande victoire de ce club ? 9 : 1 (Grimsby Town)
6%
Aucun quiz correspondant
Distribution des résultats
% des personnes avec chaque résultat
Percentile par nombre de réponses
Votre historique - résultats
Vous n’avez pas pris ce quiz